Co To Za Państwo? - Statystyki

Ogólne statystyki
  • Ten quiz został rozwiązany 190 razy
  • Średni wynik to 8 z 15
Statystyki odpowiedzi
Podpowiedź Państwo % Poprawnych
Państwo używające waluty peso. Kiedyś należało do ImperiumHiszpańskiego. Pochodzi stąd Lionel Messi - słynny piłkarz. Argentyna
79%
Założyciel NATO mający trzy kolory na fladze: Czerwony, Niebieski i Biały. Stany Zjednoczone
73%
Kraj zawierający fiordy - lodowce. Państwo bogate w zasoby ropy i gazu.Kraj ten jest jednym z bardziej bogatych w Europie. Leży na półwyspie Skandynawskim. Norwegia
71%
Europejskie państwo na Bałkanach, bardzo często odwiedzane przez turystów.Stąd pochodzi mitologia. Grecja
64%
Kraj posiadający tylko jedno miasto. Ma ono największą średnią IQ na świecie i graniczy tylko z Malezją. Singapur
63%
Islamskie państwo, leżące nad Morzem Śródziemnym. Zawiera wielepustyni. Stolica jest bardzo podobnie nazwana do nazwy kraju. Największe państwo Afryki. Algieria
58%
Ten kraj to światowa "stolica piwa". Państwo to, wiele razy odbierało nam Śląsk. Czechy
53%
Były Związek Radziecki, dziś pod mocną dyktaturą. Państwo nadMorzem Kaspijskim. Oprócz tego graniczy z Iranem, Uzbekistanem i Afganistanem. Jego stolicą jest Aszchabad. Turkmenistan
51%
Kraj pod dyktaturą. Stała baza Rosji, leży Ameryce Południowej. Kiedyś potwornie bogate państwo, lecz zła władza doprowadziła do prawie że bankructwa. Jego stolica to sławne Caracas. Wenezuela
49%
Państwo, które dostało niepodległość od Australii, ale graniczy tylko zIndonezją. Jego stolicą Port Moresby i leży w Oceanii. To państwo ma najwięcej języków na świecie (około 800!). Papua - Nowa Gwinea
48%
Państwo, w którym od około 30 lat jest wojna domowa. Graniczy z Etiopią, Dżibutii Kenią. Stolica jest w Mogadiszu. Somalia
48%
Kraj bardzo często odwiedzany przez turystów. Leży w AmeryceŚrodkowej. Graniczy z Panamą i Nikaragua. Produkuje ono dużo kawy. Kostaryka
47%
Państwo na Bliskim Wschodzie, w którym inflacja doszła do 200%. Mocno podzielonereligijnie, na Chrześcijaństwo i Islam. Jego symbolem narodowym, jest zielone drzewo. Liban
47%
Niegdyś ogromne azjatyckie imperium. Przypuszcza się, że największe na świecie. Niepodległość uzyskana od mandżurskiej Dynastii Qing. Mongolia
47%
Państwo, którego największym miastem, ale nie stolicą jestRangoon. Jego najkrótsza granica jest z Bangladeszem. Mjanma
46%
Nie znaleziono quizów pasujących do podanych kryteriów
Rozkład punktacji
Procent ludzi z każdym wynikiem
Percentyl według liczby udzielonych odpowiedzi
Twoja historia wyników
Nie rozwiązałeś tego quizu